Caricamento...
Nehru and his world order : a global survey /
| Autore principale: | |
|---|---|
| Natura: | Printed Book |
| Pubblicazione: |
Delhi :
Sharada Prakashan,
1989.
|
| Soggetti: |
| LEADER | 00495nam a22001457a 4500 | ||
|---|---|---|---|
| 020 | |a 8185320012 | ||
| 082 | |a 320.016954 |b ATT.N | ||
| 100 | |a Attar Chand. | ||
| 245 | |a Nehru and his world order : |b a global survey / |c by Attar Chand. | ||
| 260 | |a Delhi : |b Sharada Prakashan, |c 1989. | ||
| 300 | |a 303 p. | ||
| 650 | |a Nehru | ||
| 942 | |c BK | ||
| 999 | |c 304562 |d 304562 | ||
| 952 | |0 0 |1 0 |4 0 |6 320_016954000000000_ATT_N |7 0 |8 NFIC |9 325303 |a POL |b POL |c GEN |d 2020-10-19 |l 0 |o 320.016954 ATT.N |p POL7468 |r 2020-10-19 |w 2020-10-19 |y BK | ||